LEADER 01794nam a2200349 i 4500 001 000000137410 003 CaOOAMICUS 005 20050503000000.0 008 050503s2004 it u000 u ita u 013 $a111185 020 $a88-465-0487-9 040 $aSeMil$bita 245 10$aCamminare nella Luce :$bprospettive della teologia morale a partire dalla Veritatis splendor /$cJ. Ratzinger ... [et al.] a cura di Livio Melina e José Noriega. 260 $aRoma :$bLateran University Press,$cCopyr. 2004. 300 $a819 p. ;$c24 cm. 490 0 $aStudi sulla persona e la famiglia ;$v7 650 4$aTeologia morale.$0(OLS)http://semarc/subject/91 650 4$aGiovanni Paolo II - Encicliche . Veritatis splendor.$0(OLS)http://semarc/subject/8967 700 1 $aNoriega, José,$d<1965- >.$0(OLS)http://semarc/name/42508 700 1 $aMelina, Livio,$d<1952- >.$0(OLS)http://semarc/name/3365 700 0 $aBenedictus XVI,$c.$0(OLS)http://semarc/name/298 830 0$aPontificio Istituto Giovanni Paolo 2. per gli studi su matrimonio e famiglia / Studi sulla persona e la famiglia ;$v7.$0(OLS)http://semarc/title/8544 850 $aSeMil 852 $aSeMil$W1$xVenegono$y1$m2E III 17$j90956$B90956$CSeMilBibl$Z2$F97496 $81 900 1 $aRatzinger, Joseph,$d<1927-2022>. 900 0 $aBenedetto XVI$c. 961 $aAcquisto: Pontificia Università Lateranense 996 $6020$a88-465-0487-9$9(OLS)http://semarc/number/125117 996 $6245$aCamminare nella Luce :$bprospettive della teologia morale a partire dalla Veritatis splendor$9(OLS)http://semarc/title/200774 996 $6260$aRoma :$bLateran University Press$9(OLS)http://semarc/publisher/33902 LEADER 01104nam a2200265 i 4500 001 000000189050 003 CaOOAMICUS 005 20220405095142.0 008 100428s2010 it u000 u ita u 013 $a167305 020 $a978-88-394-0770-2 040 $aSeMil$bita 245 00$a25.2: Aggeo, Zaccaria e Malachia /$ctraduzione e commento di Henning Graf Reventlow ; traduzione italiana di Franco Ronchi. 264 3$aBrescia :$bPaideia,$c2010. 300 $a261 p. ;$c21 cm. 700 1 $aReventlow, Henning,$d<1929-2010>.$0(OLS)http://semarc/name/2574 700 1 $aRonchi, Franco.$0(OLS)http://semarc/name/944 773 0 $tAntico Testamento.$dBrescia : Paideia$g25.2$w()528 850 $aSeMil 852 $aSeMil$W1$xVenegono$y1$m2Z I 475/2$j228913$B139684$CSeMilBibl$Z2$F151285 $81 961 $aSottoscrizione: Città Nuova (Agente) 996 $6020$a978-88-394-0770-2$9(OLS)http://semarc/number/179754 996 $6245$a25.2: Aggeo, Zaccaria e Malachia$9(OLS)http://semarc/title/439581 996 $6264$aBrescia :$bPaideia$9(OLS)http://semarc/publisher/29614